000
00273nam a2200121Ia 4500
008
151001s9999||||xx |||||||||||||| ||und||
245
_a
प्रतिशोध
250
_a
1
260
_b
मेघना
260
_c
2008
300
_a
124
365
_b
18
999
_c
993707
_d
993704